SuperVision and instructional leadership <a> development approach
Salvato in:
| Autore principale: | |
|---|---|
| Altri autori: | , |
| Natura: | Libro |
| Lingua: | inglese |
| Pubblicazione: |
New York
Pearson
2018
|
| Edizione: | 10th ed. |
| Soggetti: | |
| Tags: |
Nessun Tag, puoi essere il primo ad aggiungerne!!
|
MARC
| LEADER | 00000nam a2200000 4500 | ||
|---|---|---|---|
| 001 | 0236490 | ||
| 005 | 20240221115958.0 | ||
| 020 | |a 978-0-13-444989-0 | ||
| 020 | |a 0-13-444989-4 | ||
| 041 | 0 | |a eng | |
| 044 | |a US | ||
| 245 | 1 | 0 | |a SuperVision and instructional leadership |b <a> development approach |c Carl D. Glickman, Stephen P. Gordon, Jovita M. Ross-Gordon |
| 250 | |a 10th ed. | ||
| 264 | 1 | |a New York |b Pearson |c 2018 | |
| 300 | |a 512 s. | ||
| 610 | 2 | 0 | |a spoločnosť |
| 610 | 2 | 0 | |a demokracia |
| 610 | 2 | 0 | |a vzdelávanie |
| 610 | 2 | 0 | |a školstvo |
| 610 | 2 | 0 | |a študenti |
| 610 | 2 | 0 | |a rovnoprávnosť |
| 610 | 2 | 0 | |a učitelia |
| 610 | 2 | 0 | |a vodcovstvo |
| 610 | 2 | 0 | |a dozor |
| 610 | 2 | 0 | |a vzdelávanie dospelých |
| 610 | 2 | 0 | |a vzdelávanie ďalšie |
| 610 | 2 | 0 | |a metodika |
| 610 | 2 | 0 | |a vedomosti |
| 610 | 2 | 0 | |a zručnosti |
| 610 | 2 | 0 | |a kariéra |
| 610 | 2 | 0 | |a štúdie prípadové |
| 100 | 1 | |a Glickman, Carl D. | |
| 700 | 1 | |a Gordon, Stephen P. | |
| 700 | 1 | |a Ross-Gordon, Jovita M. | |